[Event "COMMONWEALTH CHESS CHAMPIONSHI"]
[Site "Nagpur,India"]
[Date "2008.10.05"]
[Round "10.66"]
[White "Arun, Karthik R"]
[Black "Mehta, Praful"]
[Result "1/2-1/2"]
[WhiteElo "2277"]
[BlackElo "2084"]
[PlyCount "101"]
[EventDate "2008.09.28"]
[Source "MonRoi"]

1. e4 e5 2. Nf3 Nc6 3. Bb5 a6 4. Ba4 Nf6 5. O-O Be7 6. Re1 b5 7. Bb3 O-O 8. c3
d5 9. exd5 Nxd5 10. Nxe5 Nxe5 11. Rxe5 c6 12. d4 Bd6 13. Re1 Qh4 14. g3 Qh3 15.
Re4 g5 16. Qf3 Bf5 17. Bxd5 cxd5 18. Re3 Rae8 19. Qxd5 Re6 20. Nd2 Rfe8 21. Nf1
Kh8 22. Bd2 h6 23. Rae1 Bd3 24. Rxd3 Rxe1 25. Bxe1 Rxe1 26. Qg2 Qf5 27. Re3 Rb1
28. f3 b4 29. Qf2 Qa5 30. Re8+ Kg7 31. Re1 Qxa2 32. Rxb1 Qxb1 33. Kg2 b3 34.
Ne3 Qd3 35. c4 Bb4 36. c5 Kf8 37. Nd5 Qc4 38. Nxb4 Qxb4 39. Qe3 Qc4 40. Kf2 a5
41. Qd2 a4 42. Ke3 f5 43. g4 f4+ 44. Ke4 Qc2+ 45. Qd3 Qxb2 46. Qa6 Qc2+ 47. Kd5
b2 48. Qc8+ Kg7 49. Qd7+ Kh8 50. Qe8+ Kg7 51. Qe7+ 1/2-1/2

[Event "COMMONWEALTH CHESS CHAMPIONSHI"]
[Site "Nagpur,India"]
[Date "2008.10.05"]
[Round "10.68"]
[White "Russell, M K A."]
[Black "Nihal, Manjunath"]
[Result "0-1"]
[WhiteElo "2213"]
[BlackElo "1947"]
[PlyCount "39"]
[EventDate "2008.09.28"]
[Source "MonRoi"]

1. d4 Nf6 2. c4 g6 3. Nc3 Bg7 4. e4 d6 5. Nf3 O-O 6. h3 e5 7. d5 a5 8. Be3 Na6
9. a3 Nh5 10. Nh2 Bd7 11. Rb1 f5 12. b4 axb4 13. axb4 Qe7 14. Be2 Nf4 15. Bf3
g5 16. g4 fxe4 17. Bxe4 Be8 18. Nf1 Bg6 19. Ng3 Nb8 20. Qc2 {score sheet is
not clear} 0-1

[Event "COMMONWEALTH CHESS CHAMPIONSHI"]
[Site "Nagpur,India"]
[Date "2008.10.05"]
[Round "10.69"]
[White "Pratyusha, Bodda"]
[Black "Pon, N  Krithika"]
[Result "1/2-1/2"]
[WhiteElo "1933"]
[BlackElo "2156"]
[PlyCount "68"]
[EventDate "2008.09.28"]
[Source "MonRoi"]

1. e4 Nf6 2. e5 Nd5 3. Nc3 Nb6 4. d4 d6 5. f4 dxe5 6. fxe5 Nc6 7. Nf3 Bg4 8.
Bb5 e6 9. O-O Be7 10. Ne4 Qd5 11. Nc3 Qd7 12. Ne4 a6 13. Bxc6 Qxc6 14. Ng3
O-O-O 15. c3 h5 16. Ne2 Nc4 17. Qe1 Qb6 18. b3 Na5 19. Be3 c5 20. Qf2 Nc6 21.
b4 cxb4 22. cxb4 Qb5 23. Rfc1 Kb8 24. a4 Qxb4 25. Nd2 Bxe2 26. Rxc6 Bd3 27.
Rcc1 Bf5 28. Qf3 Rd5 29. Nc4 Qb3 30. a5 g6 31. Nb6 Rdd8 32. d5 exd5 33. Nd7+
Ka8 34. Nb6+ Kb8 1/2-1/2

[Event "COMMONWEALTH CHESS CHAMPIONSHI"]
[Site "Nagpur,India"]
[Date "2008.10.05"]
[Round "10.70"]
[White "Shiven, Khosla"]
[Black "Darpan, Inani"]
[Result "0-1"]
[WhiteElo "2141"]
[BlackElo "1925"]
[PlyCount "36"]
[EventDate "2008.09.28"]
[Source "MonRoi"]

1. e4 c5 2. Nf3 e6 3. d4 cxd4 4. Nxd4 Nf6 5. Nc3 Nc6 6. Bc4 Qb6 7. Nxc6 bxc6 8.
O-O g6 9. Qe1 Qc5 10. b3 Bg7 11. Bb2 O-O 12. Na4 Qh5 13. f4 d5 14. Bd3 dxe4 15.
Bxe4 Ba6 16. c4 Rad8 17. Bf3 Ng4 18. Bxg7 Qxh2# 0-1

[Event "COMMONWEALTH CHESS CHAMPIONSHI"]
[Site "Nagpur,India"]
[Date "2008.10.05"]
[Round "10.74"]
[White "Ganesh, Babu S"]
[Black "Sathya, Priya S V"]
[Result "1-0"]
[WhiteElo "2109"]
[BlackElo "1882"]
[PlyCount "59"]
[EventDate "2008.09.28"]
[Source "MonRoi"]

1. e4 c5 2. Nf3 e6 3. d4 cxd4 4. Nxd4 a6 5. Be2 Qc7 6. O-O Nf6 7. Nc3 Bb4 8.
Qd3 Nc6 9. Nxc6 dxc6 10. f4 O-O 11. e5 Nd5 12. Nxd5 cxd5 13. Qh3 g6 14. Bd3 f5
15. Kh1 Bc5 16. a4 b6 17. Bd2 a5 18. c3 d4 19. Bc4 Qe7 20. Rac1 dxc3 21. Bxc3
Ba6 22. Bxa6 Rxa6 23. Be1 Raa8 24. Bh4 Qb7 25. Rfd1 Be7 26. Bxe7 Qxe7 27. Qb3
Rab8 28. Rd6 Rfc8 29. Rcd1 Rd8 30. h3 1-0

[Event "COMMONWEALTH CHESS CHAMPIONSHI"]
[Site "Nagpur,India"]
[Date "2008.10.05"]
[Round "10.75"]
[White "Gagare, Shalmali"]
[Black "Krishna Teja, N."]
[Result "1-0"]
[WhiteElo "2092"]
[BlackElo "1766"]
[PlyCount "85"]
[EventDate "2008.09.28"]
[Source "MonRoi"]

1. c4 Nf6 2. g3 e5 3. Nc3 c6 4. Bg2 Bc5 5. e3 d5 6. d4 exd4 7. exd4 Bb4 8. cxd5
cxd5 9. Nge2 O-O 10. O-O Nc6 11. a3 Bxc3 12. Nxc3 h6 13. Bf4 Be6 14. Rc1 Qb6
15. Be5 Ng4 16. Na4 Qd8 17. Bf4 Rc8 18. Nc5 Nf6 19. Nxe6 fxe6 20. Bh3 Re8 21.
Re1 Kf7 22. Rc3 Re7 23. Rce3 Ra8 24. Rxe6 Qb6 25. Bd6 Ree8 26. Rxe8 Rxe8 27.
Rxe8 Nxe8 28. Qh5+ g6 29. Qxd5+ Kg7 30. Be5+ Kf8 31. Be6 Ne7 32. Qf3+ Nf5 33.
Bxf5 gxf5 34. Qxf5+ Ke7 35. d5 Kd8 36. Qe6 Qc5 37. d6 Qc1+ 38. Kg2 Qc6+ 39. Kh3
Qd7 40. Qxd7+ Kxd7 41. Kg4 Nxd6 42. Bxd6 Kxd6 43. Kh5 1-0

[Event "COMMONWEALTH CHESS CHAMPIONSHI"]
[Site "Nagpur,India"]
[Date "2008.10.05"]
[Round "10.77"]
[White "Manush, Shah"]
[Black "Dhar-Barua, Saheli"]
[Result "0-1"]
[WhiteElo "1863"]
[BlackElo "2180"]
[PlyCount "55"]
[EventDate "2008.09.28"]
[Source "MonRoi"]

1. d4 f5 2. Nc3 Nf6 3. e4 fxe4 4. Bg5 Nc6 5. d5 Ne5 6. Bxf6 exf6 7. Nxe4 d6 8.
Be2 f5 9. Nc3 g6 10. f4 Nf7 11. Nf3 Bg7 12. Qd2 O-O 13. O-O-O c6 14. Nd4 Re8
15. Bc4 b5 16. Nxc6 Qb6 17. Nxb5 Ba6 18. Qb4 Re4 19. Rhe1 Rxc4 20. Qxc4 Bxb5
21. Qb3 Kf8 22. Re6 Re8 23. Rde1 Rxe6 24. dxe6 Bxc6 25. exf7 Qxb3 26. axb3 Kxf7
27. g3 Be4 28. c3 0-1

[Event "COMMONWEALTH CHESS CHAMPIONSHI"]
[Site "Nagpur,India"]
[Date "2008.10.05"]
[Round "10.78"]
[White "Gahan, M G."]
[Black "Nisha, N  Patkar"]
[Result "1-0"]
[WhiteElo "2114"]
[BlackElo "1846"]
[PlyCount "39"]
[EventDate "2008.09.28"]
[Source "MonRoi"]

1. e4 c5 2. Nc3 Nc6 3. f4 d6 4. Nf3 e6 5. Bb5 Bd7 6. O-O Nge7 7. d3 g6 8. f5
Bg7 9. Bc4 O-O 10. Qe1 exf5 11. Qh4 Ne5 12. Bg5 Re8 13. Nd5 N5c6 14. Nf6+ Bxf6
15. Bxf6 h5 16. Qg5 Kh7 17. Bxf7 Rf8 18. Bxg6+ Nxg6 19. Qxh5+ Kg8 20. Qxg6# 1-0

[Event "COMMONWEALTH CHESS CHAMPIONSHI"]
[Site "Nagpur,India"]
[Date "2008.10.05"]
[Round "10.79"]
[White "Ranasinghe, S D."]
[Black "Harini, S."]
[Result "1-0"]
[WhiteElo "1796"]
[BlackElo "2070"]
[PlyCount "92"]
[EventDate "2008.09.28"]
[Source "MonRoi"]

1. c4 e5 2. g3 d6 3. Bg2 f5 4. e3 Nc6 5. d3 Nf6 6. Nc3 g6 7. Nge2 Bg7 8. Bd2
Be6 9. Rb1 O-O 10. O-O Nb4 11. Be1 c6 12. Na4 Na6 13. b4 Qd7 14. b5 cxb5 15.
cxb5 Nc5 16. Nec3 Rac8 17. Rb2 e4 18. Nxc5 dxc5 19. Qa4 Nd5 20. dxe4 Nxc3 21.
Bxc3 Bxc3 22. Rc2 Bg7 23. Qxa7 Qxb5 24. exf5 Bxf5 25. Rcc1 Bd3 26. Rfd1 Bb2 27.
Bxb7 Rc7 28. Bd5+ Kh8 29. Qxc7 Bxc1 30. Rxc1 Qb2 31. Qxc5 Rxf2 32. Qc3+ Qxc3
33. Rxc3 Rd2 34. e4 Kg7 35. Rc7+ Kf6 36. Rxh7 Ke5 37. Rf7 Bxe4 38. Bxe4 Kxe4
39. Rf2 Rd1+ 40. Kg2 Rd6 41. Kh3 Rd5 42. Rf6 Rh5+ 43. Kg2 g5 44. g4 Rh8 45. Rf5
Ra8 46. Rxg5 Rxa2+ 1-0

[Event "COMMONWEALTH CHESS CHAMPIONSHI"]
[Site "Nagpur,India"]
[Date "2008.10.05"]
[Round "10.80"]
[White "Eswar, R."]
[Black "Anjana Krishna, S."]
[Result "1-0"]
[WhiteElo "2021"]
[BlackElo "1845"]
[PlyCount "67"]
[EventDate "2008.09.28"]
[Source "MonRoi"]

1. d4 d5 2. c4 e6 3. Nc3 Nf6 4. cxd5 exd5 5. Bg5 Nbd7 6. Qc2 c6 7. e3 h6 8. Bh4
Bd6 9. Bd3 O-O 10. Nge2 Qc7 11. h3 Re8 12. O-O Nh5 13. g4 Nhf6 14. Rac1 a6 15.
Kg2 Be7 16. Rh1 Nb6 17. Rcg1 Be6 18. g5 hxg5 19. Bxg5 Nh5 20. Kf1 Qd7 21. Nf4
Nxf4 22. Bxf4 Bf6 23. Ne2 Kf8 24. Qc5+ Be7 25. Qxb6 Bf5 26. Qb3 c5 27. Bxf5
Qxf5 28. Ng3 Qh7 29. Qxd5 Rad8 30. Qh5 Qxh5 31. Nxh5 cxd4 32. Nxg7 dxe3 33.
Nxe8 exf2 34. Bh6+ 1-0

[Event "COMMONWEALTH CHESS CHAMPIONSHI"]
[Site "Nagpur,India"]
[Date "2008.10.05"]
[Round "10.81"]
[White "Deepthamsh, Reddy  M"]
[Black "Shoumi, Mukerjee"]
[Result "1-0"]
[WhiteElo "2017"]
[BlackElo "1790"]
[PlyCount "92"]
[EventDate "2008.09.28"]
[Source "MonRoi"]

1. d4 d5 2. c4 e6 3. Nc3 Nf6 4. cxd5 exd5 5. Bg5 Nbd7 6. Qc2 Be7 7. e3 c6 8.
Bd3 O-O 9. Nge2 Re8 10. O-O Nf8 11. f3 h6 12. Bh4 Ne6 13. Bf2 a6 14. h3 Nh5 15.
g4 Nf6 16. Kg2 Bd7 17. e4 dxe4 18. fxe4 Rc8 19. Bg1 Rf8 20. Rae1 h5 21. e5 Nd5
22. Nxd5 cxd5 23. Qd2 Bg5 24. Be3 Bxe3 25. Qxe3 Qg5 26. Qxg5 Nxg5 27. h4 Ne4
28. gxh5 Bg4 29. Nf4 Be6 30. Nxd5 Bxd5 31. Bxe4 Bxa2 32. Bxb7 Rb8 33. Bxa6
Rxb2+ 34. Rf2 Bd5+ 35. Kg1 Rxf2 36. Kxf2 Kh7 37. Rb1 f6 38. Ke3 fxe5 39. dxe5
Kh6 40. Be2 Re8 41. Rb6+ Kh7 42. Bd3+ Kg8 43. Bg6 Bf7 44. Bxf7+ Kxf7 45. Kf4
Rf8 46. Kg5 Re8 {Score Sheet is not legible} 1-0

[Event "COMMONWEALTH CHESS CHAMPIONSHI"]
[Site "Nagpur,India"]
[Date "2008.10.05"]
[Round "10.82"]
[White "Shweta, Gole"]
[Black "Devesh, Mukherjee"]
[Result "1-0"]
[WhiteElo "1784"]
[BlackElo "2004"]
[PlyCount "69"]
[EventDate "2008.09.28"]
[Source "MonRoi"]

1. d4 Nf6 2. c4 c5 3. d5 b5 4. cxb5 a6 5. b6 d6 6. Nc3 g6 7. e4 Bg7 8. Qb3 Bb7
9. f4 O-O 10. Nf3 Nbd7 11. Be2 Nxb6 12. O-O Qc7 13. Qc2 Rac8 14. Kh1 Na8 15.
Be3 Ng4 16. Bg1 Qa5 17. h3 Nf6 18. Nd2 Nh5 19. Bxh5 gxh5 20. Nb3 Qd8 21. Qe2 a5
22. Qxh5 Ba6 23. Rf3 Kh8 24. Rg3 Nc7 25. Nxa5 Nb5 26. Nc6 Qd7 27. e5 Nxc3 28.
bxc3 Rg8 29. Qxf7 dxe5 30. Nxe7 Bb5 31. Rg4 h6 32. Ng6+ Kh7 33. Ne7 Kh8 34. f5
Rce8 35. f6 1-0

[Event "COMMONWEALTH CHESS CHAMPIONSHI"]
[Site "Nagpur,India"]
[Date "2008.10.05"]
[Round "10.83"]
[White "Patil, Pratik"]
[Black "Anantharam, R U."]
[Result "1-0"]
[WhiteElo "2003"]
[BlackElo "1782"]
[PlyCount "63"]
[EventDate "2008.09.28"]
[Source "MonRoi"]

1. e4 c5 2. Nf3 Nc6 3. d4 cxd4 4. Nxd4 Nf6 5. Nc3 e5 6. Ndb5 d6 7. Bg5 a6 8.
Na3 b5 9. Nd5 Be7 10. Bxf6 Bxf6 11. c3 Bg5 12. Nc2 O-O 13. Nce3 Be6 14. Bd3 Ne7
15. Qc2 Ng6 16. g3 Re8 17. h4 Bh6 18. Nf5 Bxf5 19. exf5 e4 20. Bxe4 Ne7 21. O-O
Nxd5 22. Bxd5 Ra7 23. Qd3 Re5 24. a4 b4 25. cxb4 Rae7 26. b5 a5 27. b4 Qb6 28.
bxa5 Qxa5 29. Bc6 Qa7 30. Qxd6 g6 31. Qd8+ Kg7 32. b6 1-0

[Event "COMMONWEALTH CHESS CHAMPIONSHI"]
[Site "Nagpur,India"]
[Date "2008.10.05"]
[Round "10.85"]
[White "Soumya, Shrivastava"]
[Black "Pradip Tiwari"]
[Result "0-1"]
[WhiteElo "1768"]
[BlackElo "1960"]
[PlyCount "100"]
[EventDate "2008.09.28"]
[Source "MonRoi"]

1. e4 e5 2. Nf3 Nc6 3. Bb5 a6 4. Ba4 Nf6 5. O-O b5 6. Bb3 Be7 7. Re1 d6 8. c3
O-O 9. h3 Na5 10. Bc2 c5 11. d4 cxd4 12. cxd4 Nc6 13. d5 Nb4 14. Bb3 a5 15. Nc3
a4 16. Bc2 Nxc2 17. Qxc2 Bd7 18. a3 Rc8 19. Qe2 Qa5 20. Bd2 Rc4 21. Rac1 Rfc8
22. Qd3 Qd8 23. Nh2 Nh5 24. Qf3 Bg5 25. Be3 Bxe3 26. Qxe3 Nf4 27. Nf1 Qg5 28.
Ng3 h5 29. Qf3 h4 30. Nf1 Nxh3+ 31. Kh1 Bg4 32. Qe3 Nf4 33. Nxb5 Bd7 34. g3
Rxc1 35. Rxc1 Rxc1 36. Qxc1 hxg3 37. fxg3 Bxb5 38. gxf4 Qxf4 39. Nd2 Qh4+ 40.
Kg2 Qg4+ 41. Kh2 g5 42. Kh1 Be2 43. Qc3 Kg7 44. Qe3 Bd1 45. Qc3 Qf4 46. Qd3 g4
47. Kg2 Kg6 48. Kg1 g3 49. Qf1 Qxd2 50. Qf5+ Kg7 0-1

[Event "COMMONWEALTH CHESS CHAMPIONSHI"]
[Site "Nagpur,India"]
[Date "2008.10.05"]
[Round "10.86"]
[White "Wettasinghe, S V."]
[Black "Shristi, J  Shetty"]
[Result "0-1"]
[WhiteElo "1765"]
[BlackElo "1959"]
[PlyCount "44"]
[EventDate "2008.09.28"]
[Source "MonRoi"]

1. e4 c5 2. Nc3 Nc6 3. d3 d6 4. g3 g6 5. Bg2 Bg7 6. Nf3 e6 7. Be3 Nd4 8. Bd2
Ne7 9. Rb1 Nec6 10. Ne2 Nxf3+ 11. Bxf3 O-O 12. c3 Ne5 13. Bg2 Nxd3+ 14. Kf1 f5
15. Be3 fxe4 16. Bxe4 Ne5 17. h3 Nc4 18. Qc1 Nxe3+ 19. Qxe3 d5 20. Bd3 d4 21.
Qd2 dxc3 22. bxc3 c4 0-1

[Event "COMMONWEALTH CHESS CHAMPIONSHI"]
[Site "Nagpur,India"]
[Date "2008.10.05"]
[Round "10.87"]
[White "Lolla, Sembhu"]
[Black "Dharani Sree R"]
[Result "1-0"]
[WhiteElo "1945"]
[BlackElo "1745"]
[PlyCount "85"]
[EventDate "2008.09.28"]
[Source "MonRoi"]

1. e3 d5 2. g3 e5 3. Bg2 Nf6 4. Ne2 c5 5. d4 e4 6. c4 cxd4 7. Nxd4 Bb4+ 8. Bd2
Bxd2+ 9. Nxd2 Nc6 10. O-O O-O 11. a3 Nxd4 12. exd4 dxc4 13. Nxe4 Nxe4 14. Bxe4
f5 15. Bg2 Be6 16. d5 Bd7 17. d6 Kh8 18. Re1 Bc6 19. Re7 Bxg2 20. Qd4 Rf6 21.
Kxg2 Qxd6 22. Qxd6 Rxd6 23. Rxb7 Rdd8 24. Re1 Re8 25. Rxe8+ Rxe8 26. Rxa7 g6
27. Rb7 Rc8 28. a4 c3 29. bxc3 Rxc3 30. a5 Ra3 31. Ra7 Kg8 32. a6 h5 33. f4 Kf8
34. Kh3 Ra2 35. Kh4 Rxh2+ 36. Kg5 Rg2 37. Kf6 Ke8 38. Rg7 Ra2 39. a7 Ra6+ 40.
Kg5 Kd8 41. a8=Q+ Rxa8 42. Rg8+ Ke7 43. Rxa8 1-0

[Event "COMMONWEALTH CHESS CHAMPIONSHI"]
[Site "Nagpur,India"]
[Date "2008.10.05"]
[Round "10.88"]
[White "Navya Vyshnavi Mannepalli"]
[Black "R  K  Gupta"]
[Result "0-1"]
[WhiteElo "1752"]
[BlackElo "1935"]
[PlyCount "48"]
[EventDate "2008.09.28"]
[Source "MonRoi"]

1. g3 d5 2. Bg2 e5 3. e3 Nf6 4. Ne2 Nc6 5. d4 Bg4 6. b3 Bd6 7. Bb2 O-O 8. O-O
exd4 9. exd4 Re8 10. Re1 Qe7 11. Bf1 Ne4 12. Bc1 h5 13. c4 Bb4 14. Bd2 Qf6 15.
f4 Bxd2 16. Nxd2 Nc3 17. Qc2 Nxe2+ 18. Bxe2 Qxd4+ 19. Kg2 Bxe2 20. cxd5 Nb4 21.
Qc1 Qxd5+ 22. Kg1 Qd4+ 23. Kg2 Nd3 24. Qc2 Qf2+ 0-1

[Event "COMMONWEALTH CHESS CHAMPIONSHI"]
[Site "Nagpur,India"]
[Date "2008.10.05"]
[Round "10.89"]
[White "Kamath, Shreyas M"]
[Black "Atishay, Ajmera"]
[Result "0-1"]
[WhiteElo "1729"]
[BlackElo "1931"]
[PlyCount "90"]
[EventDate "2008.09.28"]
[Source "MonRoi"]

1. e4 e6 2. Qe2 e5 3. Qd1 Nf6 4. Nf3 d6 5. Nc3 g6 6. d4 exd4 7. Nxd4 Bg7 8. Bg5
Nbd7 9. Qd2 a6 10. O-O-O O-O 11. h4 Qe8 12. f3 b5 13. g4 Ne5 14. Qf4 Ned7 15.
h5 b4 16. Nb1 Qe5 17. Nc6 Qe6 18. hxg6 fxg6 19. Nd2 Nb6 20. Nb3 Qe8 21. Nbd4
Bd7 22. Na5 Nxg4 23. Qg3 Qe5 24. Qxe5 Nxe5 25. Bg2 Nbc4 26. Nxc4 Nxc4 27. Bf1
Nxb2 28. Kxb2 c5 29. Bg2 Bxd4+ 30. Kb1 Bb5 31. Rh3 a5 32. Be7 Rf7 33. Bxd6 Ra6
34. e5 Bd7 35. Rg3 a4 36. Bf1 Rxd6 37. exd6 Be6 38. Be2 b3 39. axb3 axb3 40.
cxb3 Bxb3 41. Rd2 Rd7 42. f4 Be6 43. Kc1 Rxd6 44. Rgd3 Bf5 45. Rc3 Rb6 0-1

[Event "COMMONWEALTH CHESS CHAMPIONSHI"]
[Site "Nagpur,India"]
[Date "2008.10.05"]
[Round "10.90"]
[White "Naresh Kantode"]
[Black "Anuja Bombatkar"]
[Result "0-1"]
[WhiteElo "1718"]
[BlackElo "1927"]
[PlyCount "83"]
[EventDate "2008.09.28"]
[Source "MonRoi"]

1. e4 c6 2. d4 d5 3. e5 Bf5 4. Nf3 e6 5. Be2 c5 6. Be3 Nd7 7. O-O h6 8. c4 cxd4
9. Bxd4 Ne7 10. cxd5 Nxd5 11. Nc3 Nxc3 12. Bxc3 Bc5 13. Bb5 a6 14. Ba4 b5 15.
Bc2 Bxc2 16. Qxc2 O-O 17. Rad1 Qe7 18. Qe4 Rfd8 19. Nd4 Bxd4 20. Rxd4 Nf8 21.
Rxd8 Rxd8 22. Qc6 Qa7 23. Ba5 Qa8 24. Qb6 Rc8 25. Rd1 Ng6 26. Qe3 Qc6 27. Bc3
Qc4 28. a3 Ne7 29. Rd7 Nd5 30. Qf3 Qf4 31. Qxf4 Nxf4 32. Be1 Rc1 33. Kf1 Nxg2
34. Kxg2 Rxe1 35. Ra7 Re2 36. b4 Rxe5 37. Rxa6 Rd5 38. Ra7 Kf8 39. Rb7 Ke8 40.
Kf1 Rf5 41. Ra7 Kd8 42. Kg2 {Score Sheet is not legible} 0-1

[Event "COMMONWEALTH CHESS CHAMPIONSHI"]
[Site "Nagpur,India"]
[Date "2008.10.05"]
[Round "10.92"]
[White "Sharath, E."]
[Black "Monnisha G K"]
[Result "1-0"]
[WhiteElo "1897"]
[BlackElo "1741"]
[PlyCount "101"]
[EventDate "2008.09.28"]
[Source "MonRoi"]

1. Nf3 Nf6 2. d4 e6 3. c4 b6 4. g3 Bb7 5. Bg2 Be7 6. Nc3 Ne4 7. O-O O-O 8. Bf4
d6 9. Qc2 Nxc3 10. bxc3 f5 11. Qd2 Nd7 12. Ng5 Bxg5 13. Bxb7 Bxf4 14. Qxf4 Rb8
15. Bg2 Kh8 16. e4 g5 17. Qd2 f4 18. Rab1 Qe8 19. Qe2 c6 20. a4 Qg6 21. e5 d5
22. cxd5 cxd5 23. h3 Rbc8 24. Rfc1 Rxc3 25. Rxc3 Qxb1+ 26. Kh2 Qb4 27. Rc7
fxg3+ 28. fxg3 Rf7 29. Qg4 Qe7 30. Rxa7 Kg7 31. Kh1 h6 32. Bxd5 exd5 33. e6 Qf6
34. Qe2 Qf1+ 35. Qxf1 Rxf1+ 36. Kg2 Rf8 37. exd7 Rd8 38. Kf3 h5 39. h4 Rf8+ 40.
Ke3 Rd8 41. hxg5 Kg6 42. Kf4 Rf8+ 43. Ke5 Kxg5 44. Ke6 Kg4 45. Ke7 Rh8 46. Ra6
Rh7+ 47. Kd6 Rh6+ 48. Kc7 Rh7 49. Kc8 Kxg3 50. d8=Q h4 51. Qg8+ 1-0

[Event "COMMONWEALTH CHESS CHAMPIONSHI"]
[Site "Nagpur,India"]
[Date "2008.10.05"]
[Round "10.104"]
[White "M  Anshuman"]
[Black "Kashyap, Rahul B"]
[Result "0-1"]
[WhiteElo "1566"]
[BlackElo "1812"]
[PlyCount "89"]
[EventDate "2008.09.28"]
[Source "MonRoi"]

1. e4 c6 2. d4 d5 3. exd5 cxd5 4. Nf3 Nf6 5. Nc3 Bg4 6. Be2 e6 7. a3 Be7 8. h3
Bh5 9. O-O O-O 10. Rb1 Nc6 11. Be3 Rc8 12. Qd2 Na5 13. Ne5 Bxe2 14. Qxe2 a6 15.
Rfc1 Nc4 16. Nxc4 Rxc4 17. Na2 Qc7 18. f3 Rc8 19. c3 Nh5 20. Bf2 Nf4 21. Qe3
Bg5 22. Qe1 Nd3 23. Bg3 Qe7 24. Qe2 Nxc1 25. Nxc1 Bxc1 26. Rxc1 Rxd4 27. Bf2
Rdc4 28. Rd1 b5 29. Rxd5 R4c7 30. Rd1 Rd7 31. Rd4 Rxd4 32. Bxd4 Re8 33. f4 f6
34. b4 e5 35. Bc5 Qd7 36. fxe5 Rxe5 37. Qc2 Re1+ 38. Kf2 Qd1 39. Qa2+ Kh8 40.
Qf7 Re2+ 41. Kg3 Qd8 42. Bf8 Qd3+ 43. Kg4 Rxg2+ 44. Kf4 Rf2+ 45. Kg4 0-1

[Event "Commonwealth Chess Championship 2008"]
[Site "Nagpur India"]
[Date "2008.10.06"]
[Round "?"]
[White "R R, Laxman"]
[Black "Das, Neelotpal"]
[Result "1/2-1/2"]
[WhiteElo "2498"]
[BlackElo "2462"]
[PlyCount "24"]
[EventDate "2008.09.28"]
[Source "MonRoi"]

1. Nf3 Nf6 2. c4 c6 3. d4 d5 4. e3 Bg4 5. h3 Bxf3 6. Qxf3 e6 7. Bd3 Nbd7 8. O-O
Bd6 9. Nc3 O-O 10. b3 Qe7 11. Bd2 Rad8 12. Rae1 Bb4 1/2-1/2

[Event "Commonwealth Chess Championship 2008"]
[Site "Nagpur India"]
[Date "2008.10.06"]
[Round "?"]
[White "Enamul, Hossain"]
[Black "M  S, Thejkumar"]
[Result "1-0"]
[WhiteElo "2489"]
[BlackElo "2441"]
[PlyCount "93"]
[EventDate "2008.09.28"]
[Source "MonRoi"]

1. e4 Nf6 2. Nc3 d5 3. e5 Nfd7 4. f4 e6 5. d4 c5 6. Nf3 Nc6 7. Be3 a6 8. Qd2 b5
9. g3 Qb6 10. Bg2 Bb7 11. Ne2 b4 12. O-O g6 13. dxc5 Bxc5 14. Bxc5 Nxc5 15. Qe3
a5 16. Rfe1 a4 17. Rac1 Rc8 18. c4 Ne7 19. Red1 dxc4 20. Rxc4 Nd5 21. Qf2 Ba6
22. Rcd4 a3 23. Ne1 axb2 24. Bxd5 exd5 25. R4d2 Qa5 26. Rxb2 Ne4 27. Qd4 Bxe2
28. e6 Qc5 29. exf7+ Kxf7 30. Qxc5 Rxc5 31. Rxe2 Nc3 32. Rc2 Re8 33. Nd3 Ra5
34. Rdd2 Nb1 35. Rf2 Re4 36. Ne5+ Kg8 37. Rc8+ Kg7 38. Rc7+ Kg8 39. Ng4 Re1+
40. Kg2 Nc3 41. f5 gxf5 42. Nh6+ Kf8 43. Rxf5+ Ke8 44. Rff7 Rxa2+ 45. Kh3 Kd8
46. Rfd7+ Ke8 47. Nf5 1-0

[Event "Commonwealth Chess Championship 2008"]
[Site "Nagpur India"]
[Date "2008.10.06"]
[Round "?"]
[White "Ziaur, Rahman"]
[Black "Jayaram, Ashwin"]
[Result "1-0"]
[WhiteElo "2564"]
[BlackElo "2436"]
[PlyCount "51"]
[EventDate "2008.09.28"]
[Source "MonRoi"]

1. d4 d5 2. e3 c6 3. Bd3 e6 4. Nf3 f5 5. O-O Nf6 6. b3 Nbd7 7. c4 Ne4 8. Bb2
Bd6 9. Nc3 O-O 10. Ne2 Qf6 11. a4 Bc7 12. Rc1 g5 13. b4 g4 14. Bxe4 fxe4 15.
Nd2 a5 16. b5 Nb6 17. g3 Qg7 18. Qb3 Rf6 19. Nf4 Rh6 20. Rfe1 Bd7 21. cxd5 exd5
22. Nxe4 Nc4 23. Rxc4 dxc4 24. Qxc4+ Kh8 25. Nd3 Be6 26. d5 1-0

[Event "Commonwealth Chess Championship 2008"]
[Site "Nagpur India"]
[Date "2008.10.06"]
[Round "?"]
[White "D P, Singh"]
[Black "Dibyendu, Barua"]
[Result "1/2-1/2"]
[WhiteElo "2299"]
[BlackElo "2497"]
[PlyCount "85"]
[EventDate "2008.09.28"]
[Source "MonRoi"]

1. d4 d5 2. Nf3 c6 3. c4 e6 4. Qc2 f5 5. g3 Nf6 6. Bg2 Bd6 7. O-O O-O 8. b3 Qe7
9. a4 a5 10. Ba3 Na6 11. Qb2 b6 12. Ne5 Bb7 13. Bxd6 Qxd6 14. Na3 Rac8 15. Rac1
Rfd8 16. Rfd1 Qe7 17. e3 c5 18. Nb5 Nb4 19. Qe2 Ba6 20. h4 Ne4 21. Kh2 Bb7 22.
Na7 Ra8 23. Nb5 Rf8 24. f3 Nf6 25. Bh3 g6 26. Rg1 Rad8 27. cxd5 exd5 28. Rc3
Ba6 29. Bg2 Rc8 30. Rgc1 cxd4 31. exd4 Rxc3 32. Rxc3 Rc8 33. Rxc8+ Bxc8 34. Qd2
Ba6 35. Qc3 f4 36. Qc7 fxg3+ 37. Kxg3 Nh5+ 38. Kf2 Qxh4+ 39. Kg1 Qf6 40. Qb8+
Qf8 41. Qxb6 Qf4 42. Qd8+ Kg7 43. Qe7+ 1/2-1/2

[Event "Commonwealth Chess Championship 2008"]
[Site "Nagpur India"]
[Date "2008.10.06"]
[Round "?"]
[White "Chakkravarthy J, Deepan"]
[Black "Kumar C, Praveen"]
[Result "1-0"]
[WhiteElo "2464"]
[BlackElo "2302"]
[PlyCount "109"]
[EventDate "2008.09.28"]
[Source "MonRoi"]

1. Nf3 e6 2. d4 Nf6 3. g3 c5 4. c4 cxd4 5. Nxd4 d5 6. Bg2 e5 7. Nf3 d4 8. O-O
Nc6 9. e3 d3 10. e4 Be6 11. b3 Nxe4 12. Bb2 Bc5 13. Nbd2 Nxd2 14. Qxd2 f6 15.
Ne1 Bf5 16. Bd5 Nb4 17. Bxb7 Rb8 18. Bg2 O-O 19. a3 Nc2 20. Nxc2 dxc2 21. Bd5+
Kh8 22. b4 a5 23. Bc3 Bd4 24. Ra2 Bxc3 25. Qxc3 axb4 26. axb4 Qb6 27. b5 Rfc8
28. Qf3 Bg6 29. h4 h6 30. h5 Bh7 31. Rc1 Qd4 32. Raxc2 Bxc2 33. Rxc2 Rxb5 34.
Qf5 Rxd5 35. Qxc8+ Rd8 36. Qf5 e4 37. Kg2 Qd3 38. Rc1 Qd2 39. Qf4 Qxf4 40. gxf4
f5 41. c5 Kg8 42. c6 Kf7 43. Kf1 Ke6 44. Ke2 Rc8 45. Ke3 Rc7 46. Kd4 Kd6 47.
Rc3 Rc8 48. c7 Ke6 49. Rc6+ Kd7 50. Kd5 Rxc7 51. Rxc7+ Kxc7 52. Ke5 Kd7 53.
Kxf5 Ke7 54. Kg6 Kf8 55. f5 1-0

[Event "Commonwealth Chess Championship 2008"]
[Site "Nagpur India"]
[Date "2008.10.06"]
[Round "?"]
[White "R, Premnath"]
[Black "Gogineni, Rohit"]
[Result "0-1"]
[WhiteElo "2257"]
[BlackElo "2457"]
[PlyCount "100"]
[EventDate "2008.09.28"]
[Source "MonRoi"]

1. d4 Nf6 2. c4 e6 3. Nf3 b6 4. e3 Bb7 5. Bd3 d5 6. O-O Be7 7. Nc3 O-O 8. b3
Nbd7 9. Bb2 Re8 10. Rc1 c5 11. cxd5 exd5 12. dxc5 bxc5 13. Na4 Rc8 14. Bf5 Rc7
15. Re1 Bf8 16. Qc2 h6 17. Red1 Qa8 18. Bh3 Ne4 19. Nc3 Ndf6 20. Nb5 Rc6 21.
Ne5 a6 22. Nxc6 axb5 23. Ne5 Ng5 24. Bf5 d4 25. f4 Rxe5 26. fxe5 Nd5 27. Rd3
Nxe3 28. Rxe3 dxe3 29. h4 Ne4 30. Bxe4 Bxe4 31. Qe2 Qxa2 32. Rc3 Bd5 33. Rxe3
Bxb3 34. Qxb5 Qxb2 35. Qxb3 Qd4 36. Qc3 Qxh4 37. g3 Qg4 38. Rf3 c4 39. Kg2 Bc5
40. Qa5 Qd4 41. Qe1 Qd5 42. g4 Bd4 43. e6 fxe6 44. Qd1 Qe4 45. Kg3 c3 46. Qf1
c2 47. Rf8+ Kh7 48. Rc8 Be5+ 49. Kf2 Bf4 50. Qc4 Qe3+ 0-1

[Event "Commonwealth Chess Championship 2008"]
[Site "Nagpur India"]
[Date "2008.10.06"]
[Round "?"]
[White "Deep, Sengupta"]
[Black "Aleksandar H, Wohl"]
[Result "1-0"]
[WhiteElo "2454"]
[BlackElo "2384"]
[PlyCount "92"]
[EventDate "2008.09.28"]
[Source "MonRoi"]

1. e4 e5 2. Bc4 Nf6 3. d3 c6 4. Nf3 d5 5. Bb3 Bd6 6. Nc3 d4 7. Ne2 Nbd7 8. c3
c5 9. h3 O-O 10. Ng3 dxc3 11. bxc3 b5 12. O-O Nb6 13. Bc2 Qc7 14. Re1 Re8 15.
Bg5 Nfd7 16. Nf5 Bf8 17. d4 h6 18. Bc1 exd4 19. cxd4 Nf6 20. e5 Nfd5 21. Nd6
Rd8 22. Nxb5 Qc6 23. a4 Be6 24. Qe2 a6 25. Nd6 Bxd6 26. exd6 Qxd6 27. Ba3 Nd7
28. Ne5 N5f6 29. Rad1 Qd5 30. Nxd7 Bxd7 31. dxc5 Qg5 32. Qe3 Qh4 33. Rd4 Qh5
34. Qg3 Re8 35. Red1 Re2 36. Bb3 Bc6 37. Rd8+ Re8 38. Rxa8 Bxa8 39. Bb2 Qf5 40.
Qc7 Ne4 41. Bd4 Rc8 42. Bxf7+ Kh7 43. Qa7 Qg5 44. Be3 Qf6 45. Bc4 Nxc5 46. Bxc5
Qg5 1-0